Colorful TV Shows Quiz Stats

Quiz Updated Apr 8, 2016

Challenge
Share
Tweet
Score 0/20 Timer 06:00
0 Plays Today
% Correct
Orange is the New Black
96%
The Pink Panther Show
94.5%
The Golden Girls
92.1%
Clifford the Big Red Dog
86%
Blue's Clues
82.9%
Grey's Anatomy
80.3%
Pinky and the Brain
73.6%
NYPD Blue
66.8%
Murphy Brown
61.6%
Blue Bloods
58.1%
% Correct
Green Acres
56.8%
The Goldbergs
41.5%
Silver Spoons
39.9%
Judge Joe Brown
38.6%
White Collar
33.2%
Hill Street Blues
31.6%
Orphan Black
30.3%
Code Black
29.9%
Red Dwarf
20.3%
Shades of Blue
19.7%

You're not logged in!

Compare scores with friends on all Sporcle quizzes.
Join for Free
OR
Log In

You Might Also Like...

Show Comments

Extras

Top Quizzes Today


Score Distribution

Your Account Isn't Verified!

In order to create a playlist on Sporcle, you need to verify the email address you used during registration. Go to your Sporcle Settings to finish the process.

Report this User

Report this user for behavior that violates our Community Guidelines.

Details: